ბათუმის შოთა რუსთაველის სახელმწიფო უნივერსიტეტის ბიბლიოთეკა

Диофант и диофантовы уравнения (ბიბ.ჩანაწერი № 48048)

000 -LEADER
fixed length control field 00585nam a2200205Ia 4500
001 - CONTROL NUMBER
control field 14928
003 - CONTROL NUMBER IDENTIFIER
control field GE_BSU
008 - FIXED-LENGTH DATA ELEMENTS--GENERAL INFORMATION
fixed length control field 181216s||||||||xx |||||||||||||| ||und||
040 ## - CATALOGING SOURCE
Transcribing agency GE_BSU
080 ## - UNIVERSAL DECIMAL CLASSIFICATION NUMBER
Universal Decimal Classification number 511.5+512.7
100 ## - MAIN ENTRY--PERSONAL NAME
Personal name Башмакова,И.Г.
245 ## - TITLE STATEMENT
Title Диофант и диофантовы уравнения
245 ## - TITLE STATEMENT
Statement of responsibility, etc. Ред.Н.Н.Гендрихсон. Ф.И.Кизнер
260 ## - PUBLICATION, DISTRIBUTION, ETC.
Place of publication, distribution, etc. Москва
260 ## - PUBLICATION, DISTRIBUTION, ETC.
Name of publisher, distributor, etc. Наука
260 ## - PUBLICATION, DISTRIBUTION, ETC.
Date of publication, distribution, etc. 1972
300 ## - PHYSICAL DESCRIPTION
Extent 66стр.20см.
653 ## - INDEX TERM--UNCONTROLLED
Uncontrolled term Диофант и диофантовы уравнения
942 ## - ADDED ENTRY ELEMENTS (KOHA)
Koha item type წიგნი
ეგზემპლარები
Withdrawn status Lost status Damaged status Not for loan Date acquired Barcode Date last seen Price effective from Koha item type
        2018-12-17 15369 2018-12-17 2018-12-17 წიგნი
        2018-12-17 16102 2018-12-17 2018-12-17 წიგნი